| 000 | 00670nam a22002177a 4500 | ||
|---|---|---|---|
| 005 | 20170124110221.0 | ||
| 010 | _aA-286505 | ||
| 020 |
_c00.00 _a0333284704 |
||
| 035 | _aA-286505 | ||
| 037 | _bCen Lib/Ret | ||
| 040 |
_aDPL _bEN |
||
| 082 |
_a903 _bCOO |
||
| 100 |
_aCook, Chris _97805 |
||
| 245 |
_aDictionary fo historical terms : _cby Chris Cook _ba guide to the main themes, events, cliques and innuendoes of over 1000 years of world history / |
||
| 260 |
_aLondon _bThe macmillan press _c1983 |
||
| 270 | _bLondon | ||
| 300 |
_a304p. _c21cm(Hb) _e |
||
| 500 | _a | ||
| 650 |
_aHistory _vDictionary _939874 |
||
| 942 |
_2ddc _cEN _h903 _mCOO |
||
| 999 |
_c134130 _d134130 |
||